000 00700nam a2200205Ii 4500
003 JO-AjNU
008 230605s9999||||xx |||||||||||||| ||und||
017 _a2009/10/4698
040 _aJO-AjNU
_bara
_erda
_cJO-AjNU
041 _aara
050 1 4 _aDS109.9.A5248 2009
100 3 _aتاليف العناني، جاسر علي,
_eauthor
_923002
245 0 0 _aالحياة الثقافية في القدس 637-1948 م
264 3 1 _aعمان: وزارة الثقافة، 2009
300 _a273ص
336 _atext
_btxt
_2rdacontent
337 _aunmediated
_bn
_2rdamedia
338 _avolume
_bnc
_2rdacarrier
650 4 _aالقدس- الحياة الثقافية 637-1948 م - تاريخ
_923003
999 _aA8253
_c11821
_d11821